Normal view
MARC view
- صعوبات التعلم لدى الاطفال المعاقين - تعليم
Entry Topical Term
001 - CONTROL NUMBER
- control field: 44432
003 - CONTROL NUMBER IDENTIFIER
- control field: JO-AjAnu
005 - DATE AND TIME OF LATEST TRANSACTION
- control field: 20230606081346.0
008 - FIXED-LENGTH DATA ELEMENTS
- fixed length control field: 230606|| aca||aabn | a|a d
040 ## - CATALOGING SOURCE
- Original cataloging agency: JO-AjAnu
- Transcribing agency: JO-AjAnu
150 ## - HEADING--TOPICAL TERM
- Topical term or geographic name entry element: صعوبات التعلم لدى الاطفال المعاقين - تعليم
670 ## - SOURCE DATA FOUND
- Source citation: Work cat.: (JO-AjAnu)22753: إبراهيم، سليمان عبد الواحد يوسف, author 44431, الإرشاد النفسي والتربوي لذوي صعوبات التعلم